Statistics for Neighbourhoods of Vaasa

Click here to take the quiz!

General Stats

  • This quiz has been taken 23 times
  • The average score is 12 of 24

Answer Stats

Answer% Correct
Gerby
81%
Palosaari
81%
Ristinummi
69%
Suvilahti
69%
Vöyrinkaupunki
69%
Hietalahti
63%
Melaniemi
63%
Vaskiluoto
63%
Huutoniemi
56%
Vanha Vaasa
56%
Metsäkallio
50%
Purola
50%
Västervik
50%
Asevelikylä
44%
Isolahti
44%
Koskisuo
44%
Kotiranta
44%
Pukinjärvi
44%
Teeriniemi
44%
Sundom
38%
Vetokannas
38%
Klemettilä
25%
Korkeamäki
13%
Runsor
13%

Score Distribution

Percentile by Number Answered

Percent of People with Each Score

Your Score History

You have not taken this quiz